000 00812nam a22002297a 4500
999 _c176747
_d176747
005 20210122124357.0
010 _aENG-128818
020 _c396.00
_a978-81-8449-511-9
035 _aEN-112350
037 _bDBAD/PUB
082 _a485
100 _aNaren, D. Ram
245 _aSmart English/
_bby Naren, D. Ram, M. David and V. Revathi Narayanan; edited by Yogesh Kumar and Annaya
260 _aChennai
_bSura College of Competition
_c2018
270 _bChennai
_e600040
_a1620, J Block, 16th Main Road, Anna Nagar
_k044-26162173, 261161099
_menquiry@surabooks.com
300 _a440p.
_c28cm(pbk)
_bIncluding tables and illustrations.
700 _aDavid, M.
700 _aNarayanan, V. Revathi
700 _aKumar, Yogesh, Ed.
700 _aAnnaya, Ed.
942 _2ddc
_cEN
_h485
_mNAR